Exposición Internacional de Barcelona : stadium stadium
Descripción Física:
[10] p., [1] f. plegat en 3 parts : il. ; 27 cm
MARC
| LEADER | 00000nam a2200000Ia 4500 | ||
|---|---|---|---|
| 001 | 21435 | ||
| 003 | BGR | ||
| 005 | 20260410113713.0 | ||
| 008 | 160829s1929 xx 000 0 cat d | ||
| 080 | |a RF-13-12 | ||
| 111 | 2 | |a Exposició Internacional de Barcelona |d (1929-1930 : |c Barcelona, Catalunya) |9 55060 | |
| 245 | |a Exposición Internacional de Barcelona : |b stadium | ||
| 260 | |a Barcelona : |b I. G. Seix & Barral, |c 1929 | ||
| 300 | |a [10] p., [1] f. plegat en 3 parts : |b il. ; |c 27 cm | ||
| 590 | |a A la coberta: Sección deportiva. | ||
| 590 | |a Prové de 3908, exp. 26 | ||
| 650 | |a Exposició Internacional de Barcelona (1929) | ||
| 711 | 2 | |a Exposició Internacional de Barcelona |c (Barcelona, Catalunya : |d 1929-1930) |9 55060 |e Secció esportiva | |
| 856 | 4 | |u https://media.diba.cat/diba/fitxers/arxiu/fulletons/bib_21435_1929_baixa.pdf |y Accés lliure | |
| 856 | 4 | |u https://media.diba.cat/diba/fitxers/arxiu/fulletons/bib_21435_1929_baixa.pdf |y Accés lliure | |
| 900 | |a bib_21435_1929_baixa.pdf | ||
| 901 | |a Arxiu | ||
| 942 | |n 1 |2 udc |c MON | ||
| 952 | |0 0 |1 0 |4 0 |6 RF1312 |7 1 |9 54046 |a Arxiu |b Arxiu |d 2016-12-01 |l 0 |o RF-13-12 |p 21435 |r 2016-12-01 00:00:00 |w 2016-12-01 |y ARXIU | ||
| 999 | |c 57914 |d 57914 | ||